00330pab a2200121 454500008004000000100002400040245005400064260000900118300001300127362001100140650002300151773003400174180718b2009 xxu||||| |||| 00| 0 eng d aSubramanian, Arvind aThe world crisis: reforms to prevent a recurrence c2009 ap.55-58. a28 Mar aEconomic recession aEconomic and Political Weekly